The government and politics of China / (Record no. 36262)
[ view plain ]
| 000 -LEADER | |
|---|---|
| fixed length control field | 00742nam a22002292a 4500 |
| 001 - CONTROL NUMBER | |
| control field | 36262 |
| 003 - CONTROL NUMBER IDENTIFIER | |
| rucl marc code | BD-RjUL |
| 005 - DATE AND TIME OF LATEST TRANSACTION | |
| control field | 20211209052448.0 |
| 008 - FIXED-LENGTH DATA ELEMENTS--GENERAL INFORMATION | |
| fixed length control field | 140618t19611950enka b 001 0 eng d |
| 035 ## - SYSTEM CONTROL NUMBER | |
| System control number | (BD-RjUL)36359 |
| -- | OCLC ocm00502231 from D950503M |
| 040 ## - CATALOGING SOURCE | |
| Original cataloging agency | WSU |
| Modifying agency | OCL |
| -- | UKM |
| Transcribing agency | DLC |
| Modifying agency | EQO |
| -- | BD-RjUL |
| Language of cataloging | eng |
| 041 ## - LANGUAGE CODE | |
| Language code of text/sound track or separate title | eng |
| 082 00 - DEWEY DECIMAL CLASSIFICATION NUMBER | |
| Classification number | 320.95104 |
| Edition number | 18 |
| Author mark and year | TUG 1961 |
| 100 1# - MAIN ENTRY--PERSONAL NAME | |
| Personal name | Tuan-Sheng, Ch'ien. |
| 9 (RLIN) | 110358 |
| 245 14 - TITLE STATEMENT | |
| Title | The government and politics of China / |
| Statement of responsibility, etc. | Ch'ien Tuan-Sheng. |
| 260 ## - PUBLICATION, DISTRIBUTION, ETC. (IMPRINT) | |
| Place of publication, distribution, etc. | Cambridge, Mass : |
| Name of publisher, distributor, etc. | Harvard University Press, |
| Date of publication, distribution, etc. | 1950 [1961]. |
| 300 ## - PHYSICAL DESCRIPTION | |
| Pagination | xviii, 526 p. ; |
| Size | 26 cm. |
| 504 ## - BIBLIOGRAPHY, ETC. NOTE | |
| Bibliography, etc | Bibliography: p.[483]-510 and index. |
| 650 #0 - SUBJECT ADDED ENTRY--TOPICAL TERM | |
| Topical term or geographic name as entry element | Constitutional history |
| Geographic subdivision | China |
| 9 (RLIN) | 14488 |
| 942 ## - ADDED ENTRY ELEMENTS (KOHA) | |
| Source of classification or shelving scheme | Dewey Decimal Classification |
| Koha item type | Books |
| Lost status | Source of classification or shelving scheme | Damaged status | Not for loan | Collection code | Permanent Location | Current Location | Shelving location | Date acquired | Source of acquisition | Cost, normal purchase price | Total Checkouts | Full call number | Date last seen | Copy number | Koha item type |
|---|---|---|---|---|---|---|---|---|---|---|---|---|---|---|---|
| Dewey Decimal Classification | Not For Loan | Non-fiction | Central Library, University of Rajshahi | Central Library, University of Rajshahi | Reading Room | 04/01/1969 | Zeitlinger. | 104.60 | 320.95104 TUG 1961 | 18/06/2014 | C-1 | Books | |||
| Dewey Decimal Classification | Non-fiction | Central Library, University of Rajshahi | Central Library, University of Rajshahi | 04/01/1969 | Zeitlinger. | 104.60 | 320.95104 TUG 1961 | 18/06/2014 | C-3 | Books |